Narkōtika-prolēpsē: prōtogenēs tomeas

Saved in:  
Bibliographic Details
Main Author: Churdakēs, Maria (Author)
Format: Print Book
Language:Greek
Published: Athēna Synchronē Epochē 1995
In:Year: 1995
Availability in Tübingen:Present in Tübingen.
UB: KB 8 E 9373
Check availability: HBZ Gateway
Subito Delivery Service: Order now.

MARC

LEADER 00000cam a2200000 c 4500
001 1623711681
003 DE-627
005 20220606131239.0
007 tu
008 020325s1995 xx ||||| 00| ||gre c
020 |a 9602247479  |9 960-224-747-9 
035 |a (DE-627)1623711681 
035 |a (DE-576)097963100 
035 |a (DE-599)BSZ097963100 
035 |a (OCoLC)36498731 
040 |a DE-627  |b ger  |c DE-627  |e rakwb 
041 |a gre 
100 1 |a Churdakēs, Maria  |4 aut 
245 1 0 |a Narkōtika-prolēpsē  |b prōtogenēs tomeas  |c Maria Churdakē 
264 1 |a Athēna  |b Synchronē Epochē  |c 1995 
300 |a 125 S. 
336 |a Text  |b txt  |2 rdacontent 
337 |a ohne Hilfsmittel zu benutzen  |b n  |2 rdamedia 
338 |a Band  |b nc  |2 rdacarrier 
500 |a In griech. Schrift, griech 
583 1 |a Archivierung prüfen  |c 20200919  |f DE-640  |z 1  |2 pdager 
951 |a BO 
ELC |b 1 
LOK |0 000 xxxxxcx a22 zn 4500 
LOK |0 001 3252440598 
LOK |0 003 DE-627 
LOK |0 004 1623711681 
LOK |0 005 20020416000000 
LOK |0 008 020325||||||||||||||||ger||||||| 
LOK |0 040   |a DE-21  |c DE-627  |d DE-21 
LOK |0 852   |a DE-21 
LOK |0 852 1  |c KB 8 E 9373  |9 00 
LOK |0 935   |a krim 
LOK |0 936ln  |a k9.7.6 
LOK |0 939   |a 25-03-02  |b l01 
ORI |a SA-MARC-krimdoka001.raw 
SIG |a UB: KB 8 E 9373